Dios sale al encuentro del hombre y le invita a formar parte de su pueblo
Uloženo v:
| Hlavní autor: | |
|---|---|
| Médium: | Kniha |
| Jazyk: | španělština |
| Vydáno: |
Santiago
Misión Católica Polaca en Chile
1986
|
| Edice: | Colección abre tu corazón a cristo, 7
|
| Témata: | |
| Tagy: |
Přidat tag
Žádné tagy, Buďte první, kdo vytvoří štítek k tomuto záznamu!
|
MARC
| LEADER | 00000nam a2200000 a 4500 | ||
|---|---|---|---|
| 001 | UCW4161 | ||
| 003 | CL-VaPUC | ||
| 008 | 891006e19860000CL |||||||||||||||||spa|d | ||
| 082 | 0 | 4 | |a 372.80202 |b RYC |2 21 |
| 100 | 0 | |a Rychlowski P., Bruno |e author |9 308736 | |
| 245 | 1 | 0 | |a Dios sale al encuentro del hombre y le invita a formar parte de su pueblo |
| 300 | |a 87 p | ||
| 942 | |c BK | ||
| 945 | |d 19891006 00:00:00 | ||
| 260 | |a Santiago |b Misión Católica Polaca en Chile |c 1986 | ||
| 650 | 0 | |a Religión |9 255164 | |
| 650 | 0 | |a Libros de texto |9 270019 | |
| 650 | 0 | |a Enseñanza |9 256457 | |
| 583 | |a last modification |c 19891006 00:00:00 |k Rodrigo Vera | ||
| 490 | 0 | |a Colección abre tu corazón a cristo, 7 | |
| 999 | |c 217950 |d 217948 | ||
| 952 | |0 0 |1 0 |4 0 |6 372_802020000000000_RYC_1986 |7 0 |8 P |9 206656 |a BIBEDU |b BIBEDU |c BIBEDU_PB |d 2019-11-15 |i 2744872 |o 372.80202 RYC 1986 |p 2744872 |r 2024-01-25 |w 2019-11-15 |y BK |k EDU | ||